Estadísticas para Ciudades latinoamericanas que comienzan con B

Haz click aquí para intentar la prueba.

Estadísticas generales

  • Esta prueba ha sido intentada 1.157 veces
  • La puntuación promedio es 5 de 10

Respuestas en el mapa

Las respuestas están codificadas por una escala verde-roja en el mapa de la prueba según el % correcto abajo.
 

Estadísticas de respuestas

PaísPoblaciónCiudad% Correcto
Colombia7,72 MBogotá
97%
Argentina3,00 MBuenos Aires
97%
Brasil2,99 MBrasília
94%
Colombia1,27 MBarranquilla
64%
Brasil2,53 MBelo Horizonte
47%
Brasil1,49 MBelém
39%
Colombia0,60 MBucaramanga
30%
Venezuela0,45 MBarcelona
22%
Venezuela0,67 MBarquisimeto
21%
Puerto Rico0,19 MBayamón
16%

Distribución de puntuación

Porcentaje por número respondido

Porcentaje de gente con cada puntuación

Historial de tus puntuaciones

No has intentado esta prueba.